000 00503nam a2200169Ia 4500
999 _c20513
_d20513
003 OSt
005 20200625102704.0
008 190216s9999||||xx |||||||||||||| ||und||
020 _a9780195638677
040 _coclc
082 _a954
_bCHA/T
100 _aChampakalakshmi, R
_92771
245 0 _aTradition, Dissent and Ideology /
_cR Champakalakshmi ; S Gopal
260 _bOxford University Press,
_c1996.
_aDelhi:
300 _a336p
942 _cBK
_2ddc
_h954
_iCHA/T
_k954
_mCHA/T